000 00363nam a2200133 i 4500
001 bg
100 1 _aŁASKI, Zdzisław
245 0 _aPostęp ekonomiczny i jego główne drogi w przedsiębiorstwie przemysłowym /
_cZdzisław Łaski.
260 _aSzczecin,
_c1982.
040 _cBPK
041 _apol
942 _cKS
008 s pl f |000 0 pol
999 _c20975
_d20975
856 _uhttp://koha.tu.koszalin.pl/cgi-bin/koha/opac-detail.pl?biblionumber=20975
_yKatalog online BPK